1020 1728 1678 1757 1890 1965 1322 1022 1530 1931 1452 1612 1350 1424 1032 1685 1707 1122 1021 1165 1589 1906 1740 1608 1555 1247 1982 1463 1368 1677 1562 1453 1774 1654 1456 1706 1950 1957 1540 1959 1102 1101 1065 1415 1452 1833 1453 1282 1863 1022 1755 1364 1340 1394 1884 1975 1558 1070 1640 1055 1578 1105 1175 1258 1323 1357 1008 1783 1041 1229 1529 1913 1279 1711 1469 1011 1655 1078 1504 1870 1617 1906 1948 1975 1866 1914 1407 1482 1809 1606 1959 1325 1735 1444 1740 1065 1540 1982 1660 BCNSPRNW ULIB Ver.6.0+V

เปลี่ยนเป็นภาษาไทย

Change to English
 แสดงรายละเอียดบรรณานุกรม
  กลับหน้าหลัก

Brief Record : Get Marc (ISO 2709) : E-mail record : QR code < ปิดหน้าต่าง
LEADER : 00000nam 2200000uu 4500
001    13399111769
003     ULIB
008    110627s2553||||th 000 0 tha d
020    9786167346038
090    นว.^bก169ร 2553
100 0  กรยมล
245 00 รักได้ไหมถ้าหัวใจยังว่าง/^cกรยมล
250    พิมพ์ครั้งที่ 1
260    กรุงเทพฯ :^bฐานบัณฑิต,^c2553
300    288 หน้า
945    ^p210^l0^i028081
995    ทศพร
999 ^a ใช้งานได้ทุกระบบ
รายการนี้ยังไม่มีแท็ก
คุณยังไม่ได้ล็อกอิน คุณสามารถมีกิจกรรมร่วมกับเว็บไซต์ได้ แต่ต้องล็อกอินก่อน ::
  ล็อกอิน

รายการสื่อสารสนเทศ

ลำดับที่ ประเภท เลขเรียก/บาร์โค้ด สถานที่ สถานะ
- ไม่พบข้อมูล -

BibComment


ยังไม่เคยถูกคอมเมนท์

คอมเมนท์ทรัพยากรรายการนี้
  คอมเมนท์: รักได้ไหมถ้าหัวใจ..


 Copyright 2026. Bcnsprnw @Library